000 01689cas a22004457a 4500
005 20220329142012.0
008 981215c1946 us br p rnn 0 0b1eng d
010 _a76886
011 _a77858
022 0 _a0022-4561
035 _a87568
245 0 0 _aJournal of Soil and Water Conservation
_c/by Soil and Water Conservation Society
260 0 _aAnkeny, Iowa :
_bSoil and Water Conservation Society,
_c1946-
300 _av. :
_bilus.
310 _aBimestral
362 1 _av.53 n.3,1998
590 _aBATCH-UPD
_b10
_c20130110
_lUCH01
_h0453
590 _aBATCH-UPD
_b10
_c20130410
_lUCH01
_h0130
590 _aBATCH-UPD
_b10
_c20130913
_lUCH01
_h2240
590 _aCONVERSION
_b10
_c20130109
_lUCH01
_h1342
650 1 4 _aAgua
_xConservación
_xPublicaciones periódicas.
_92335
650 1 4 _aSuelos
_xConservación
_xPublicaciones periódicas.
_9110312
866 _av. 53 n. 4 (1998)
866 _av. 54 n. 1 (1999) - v. 57 n. 6 (2002)
866 _av. 58 n. 1 (2003) - v. 58 n. 6 (2003)
866 _av. 61 n. 5 (2006) - v. 61 n. 6 (2006)
866 _av. 62 n. 1 (2007) - v. 62 n. 3 (2007)
866 _av. 63 n. 3 (2008) - v. 63 n. 6 (2008)
866 _av. 64 n. 1 (2009) - v. 64 n. 2 (2009)
866 _av.15 n.1-v.39 n.2,4-6 - (1960-1984)
866 _av.4 n.3 - (1949)
866 _av.40 n.1-v.45 n.1 - (1985-1990)
866 _av.45 n.3-v.46 n.5 - (1990-1991)
866 _av.47 n.1-v.51 n.1 - (1992-1996)
866 _av.51 n.3-v.52 n.6 - (1996-1997)
866 _av.53 n.2-4 - (1998)
866 _av.9 n.4 - (1954)
901 _aSE
905 _aLilia Sánchez G.
999 _c76886
_d76886